000 00314nam a22001457a 4500
008 210305b ||||| |||| 00| 0 eng d
020 _a025602734X
041 _aeng
080 _a33
082 _a33
100 _a58
101 _aBIZ
245 _aBasic Business Communication
_cLesikar,V.R
942 _2udc
_cBK
999 _c55888
_d55888